000 00353pab a2200157 454500
008 180718b2011 xxu||||| |||| 00| 0 eng d
100 _aSahoo, B.B.
245 _aValue chain system in agricultural financing
260 _c2011
300 _ap.54-57.
362 _aJan
650 _aAgriculture
773 _aYojana
908 _aN
909 _a90397
999 _c90397
_d90397